| 000 | 00983nam a22002537a 4500 | ||
|---|---|---|---|
| 999 |
_c64543 _d64543 |
||
| 005 | 20240530110737.0 | ||
| 008 | 180904s2008 ua a g b 000 0 ara d | ||
| 017 |
_a2006/24762 _bمصر. دار الكتب |
||
| 020 | _a9770919381 | ||
| 040 |
_aEG-CaGPL _cEG-CaGPL |
||
| 082 | 0 | 4 |
_221 _a214.291\ _bع ص |
| 100 | 0 | _aعبدالرحمن عبدالله الشيخ | |
| 245 | 1 | 2 |
_aالصحابة : _bمجمع اديان حول الرسول : عندما اصبح المسيحيون واليهود صحابة للنبى / _cعبدالرحمن عبدالله الشيخ |
| 250 | _aط.1 | ||
| 260 |
_aالقاهرة : _bدار الشروق ، _c2007 . |
||
| 300 |
_a250 ص. ؛ _c24 سم. |
||
| 650 | 0 | 7 |
_2qrmak _aالصحابة |
| 650 | 0 | 7 |
_aالاسلام والمسيحية _2qrmak |
| 650 | 0 | 7 | _aالاسلام واليهودية |
| 650 | 0 | 7 |
_aالديانات المقارنة _2qrmak |
| 651 | _2qrmak | ||
| 942 |
_2ddc _cBK |
||